000 00441nam a2200181Ia 4500
001 19385
005 20260306172649.0
008 260306t2012||||xx |||||||||||||| ||spa||
041 _aESP
082 _a658.86
_bM81
100 _aMolinillo Jiménez, Sebastián
_eAUT
245 0 _aDistribución comercial aplicada
260 _c2012
300 _a505 páginas :
_c24 cm.
650 _aGEN
654 _aCAN
942 _cLIB
_dJUS
_fJUS
_2ddc
_n
999 _c19385
_d19385